MARC details
| 000 -CABECERA |
| campo de control de longitud fija |
03799nam a2200265 a 4500 |
| 005 - FECHA Y HORA DE LA ÚLTIMA TRANSACCIÓN |
| campo de control |
20240626141119.0 |
| 008 - DATOS DE LONGITUD FIJA--INFORMACIÓN GENERAL |
| campo de control de longitud fija |
240620s2017 mx |||||r|||| 000 0 spa d |
| 020 ## - NÚMERO INTERNACIONAL NORMALIZADO PARA LIBROS |
| Número Internacional Normalizado del libro |
9786079757014 |
| 040 ## - FUENTE DE CATALOGACIÓN |
| Agencia de catalogación original |
MX-MxUPN |
| Idioma de catalogación |
spa |
| Agencia que realiza la transcripción |
MX-MxUPN |
| 041 0# - |
| -- |
spa |
| 050 14 - |
| -- |
LA421 |
| -- |
A37 2017 |
| 245 00 - MENCIÓN DE TÍTULO |
| Título |
Acercamientos a la historia de la educación : |
| Parte restante del título |
diálogos, actores y fuentes en la constricción del conocimiento histórico : debates por la historia V |
| 250 ## - MENCIÓN DE EDICIÓN |
| Mención de edición |
Primera edición. |
| 260 ## - PUBLICACION, DISTRIBUCION, ETC. (PIE DE IMPRENTA) |
| Lugar de publicación, distribución, etc. |
Chihuahua : |
| Nombre del editor, distribuidor, etc. |
Universidad Autónoma de Chihuahua |
| 260 ## - PUBLICACION, DISTRIBUCION, ETC. (PIE DE IMPRENTA) |
| Lugar de publicación, distribución, etc. |
Ciudad de México : |
| Nombre del editor, distribuidor, etc. |
Nautilium, |
| Fecha de publicación, distribución, etc. |
©2017. |
| 300 ## - DESCRIPCIÓN FÍSICA |
| Extensión |
237 páginas |
| 505 00 - |
| -- |
Alcances y limitaciones de los archivos históricos en la formación de investigadores. El caso de la licenciatura en historia de la Universidad Autónoma de Chihuahua / |
| -- |
Jesús Adolfo Trujillo Holguín, Francisco Alberto Pérez Piñón, Guillermo Hernández Orozco -- |
| -- |
Uso de fuentes primarias para la investigación histórica en el posgrado de la Universidad Autónoma de Chihuahua / |
| -- |
Jesús Adolfo Trujillo Holguín, Guillermo Hernández Orozco, Francisco Alberto Pérez Piñón -- |
| -- |
Procesos educativos y medicina tradicional Rarámuri: la etnografía como recurso metodológico / |
| -- |
Raquel Adilene Escudero González, Jesús Adolfo Trujillo Holguín, Guillermo Hernández Orozco -- |
| -- |
Representaciones sociales: Colonia Lebaron, Chihuahua / |
| -- |
Stefany Liddiard Cárdenas, Francisco Alberto Pérez Piñón, Guillermo Hernández Orozco -- |
| -- |
La educación de mujeres en Guanajuato (1950-1970): apuntes para una reflexión / |
| -- |
Cirila Cervera Delgado, Mireya Martí Reyes, Ana Silvia Rodríguez Reyna -- |
| -- |
Relatos escritos de maestras potosinas: huellas de formación, práctica docente y experiencias de vida desde una perspectiva de género / |
| -- |
Norma Ramos Escobar -- |
| -- |
La violencia como invisibilización de las víctimas / |
| -- |
Juan Carlos Durán Muñiz, Francisco Alberto Pérez Piñón -- |
| -- |
Reconstrucción histórica del posgrado de la Facultad de Filosofía y Letras de la UACH / |
| -- |
Myriam Sigala Silva, Francisco Alberto Pérez Piñón, Guillermo Hernández Orozco -- |
| -- |
Juárez, Carranza y Kennedy: una mirada a Ranchería Juárez, desde la escuela John F. Kennedy / |
| -- |
Francisco Alberto Pérez Piñón, Guillermo Hernández Orozco, Jesús Adolfo Trujillo Holguín -- |
| -- |
Las carreras y escuelas del Instituto Científico y Literario de Chihuahua 1827-1954 / |
| -- |
Guillermo Hernández Orozco, Francisco Alberto Pérez Piñón, Jesús Adolfo Holguín -- |
| -- |
Laureano Muñoz y Arregui: el rector, catedrático y político más importante en el Instituto Literario de Chihuahua / |
| -- |
Guillermo Hernández Orozco, Francisco Alberto Pérez Piñón, Jesús Adolfo Trujillo Holguín -- |
| -- |
La propaganda socialista soviética y su influencia en la cultura de Chihuahua en las décadas de 1920 a 1940 / |
| -- |
Izabela Tkocz, Jesús Adolfo Trujillo Holguín, Guillermo Hernández Orozco -- |
| -- |
La Hacienda de Coyotillos, un acercamiento a los contenidos educativos / |
| -- |
Francisco Alberto Pérez Piñón, Guillermo Hernández Orozco, Jesús Adolfo Trujillo Holguín -- |
| -- |
Enfoque comparativo de los errores cometidos por los alumnos adolescentes y mayores francófonos en la práctica oral del español: tipología de las faltas y su tratamiento / |
| -- |
Patrick Allouette Montagnier -- |
| -- |
Las enseñanzas socráticas y la educación actual / |
| -- |
José Luis Evangelista Márquez -- |
| -- |
Paulo Freire, a 20 años de su fallecimiento / |
| -- |
José Luis Evangelista Márquez. |
| 650 #4 - |
| -- |
Educación |
| -- |
México |
| -- |
Historia |
| -- |
187 |
| 700 1# - |
| -- |
Hernández Orozco, Guillermo |
| -- |
42762 |
| -- |
coordinación |
| 700 1# - |
| -- |
Pérez Piñon, Francisco Alberto |
| -- |
52565 |
| -- |
coordinación |
| 700 1# - |
| -- |
Trujillo Holguín, Jesús Adolfo |
| -- |
43126 |
| -- |
coordinación |
| 902 ## - ELEMENTOS DE DATOS B LOCAL, LDB (RLIN) |
| Creó |
MarielOrtiz/200624 |
| Modificó |
Víctor Ruiz/260624 |
| 942 ## - ELEMENTOS DE PUNTO DE ACCESO ADICIONAL (KOHA) |
| Fuente del sistema de clasificación o colocación |
Library of Congress Classification |
| Tipo de ítem Koha |
Libro |